Financial Management (Record no. 85013)

MARC details
000 -LEADER
fixed length control field 00673nam a22002417a 4500
003 - CONTROL NUMBER IDENTIFIER
control field URS
005 - DATE AND TIME OF LATEST TRANSACTION
control field 20250828100512.0
008 - FIXED-LENGTH DATA ELEMENTS--GENERAL INFORMATION
fixed length control field 250318b ||||| |||| 00| 0 eng d
020 ## - INTERNATIONAL STANDARD BOOK NUMBER
International Standard Book Number 0324224990
040 ## - CATALOGING SOURCE
Transcribing agency URS
050 ## - LIBRARY OF CONGRESS CALL NUMBER
Classification number HG4026
Item number .B768f 2005
100 ## - MAIN ENTRY--PERSONAL NAME
9 (RLIN) 11349
Personal name Brigham, Eugene F.
245 ## - TITLE STATEMENT
Title Financial Management
Remainder of title Theory and Practice
250 ## - EDITION STATEMENT
Edition statement 11th Edtion
264 ## - PRODUCTION, PUBLICATION, DISTRIBUTION, MANUFACTURE, AND COPYRIGHT NOTICE
Place of production, publication, distribution, manufacture Australia
Name of producer, publisher, distributor, manufacturer Thomson Learning
Date of production, publication, distribution, manufacture, or copyright notice ©2005
300 ## - PHYSICAL DESCRIPTION
Extent 1051 pages.,:
Dimensions 27 cm.
336 ## - CONTENT TYPE
Source rdacontent
Content type term text
337 ## - MEDIA TYPE
Source rdamedia
Media type term unmediated
338 ## - CARRIER TYPE
Source rdacarrier
Carrier type term volume
650 #0 - SUBJECT ADDED ENTRY--TOPICAL TERM
9 (RLIN) 7043
Topical term or geographic name entry element Corporations -- Finance.
700 ## - ADDED ENTRY--PERSONAL NAME
9 (RLIN) 11350
Personal name Ehrhardt, Michael C.
942 ## - ADDED ENTRY ELEMENTS (KOHA)
Source of classification or shelving scheme Library of Congress Classification
Koha item type Reserved Books
Holdings
Withdrawn status Source of classification or shelving scheme Damaged status Not for loan Collection code Home library Current library Date acquired Total Checkouts Full call number Barcode Date last seen Price effective from Koha item type
  Library of Congress Classification     Non-fiction Morong Graduate Library Morong Graduate Library 03/18/2025   HG4026 .B768f 2005 URSMOR-GL-5258 03/18/2025 03/18/2025 Reserved Books

University of Rizal System
Email us at univlibservices@urs.edu.ph

Visit our Website www.urs.edu.ph/library